[Event "HUN-chT3"]
[Site "Hungary"]
[Date "1997.??.??"]
[Round "?"]
[White "Gonczi, Jozsef"]
[Black "Katona, Marton"]
[Result "1-0"]
[WhiteElo "2145"]
[BlackElo "2200"]
[PlyCount "79"]
[EventDate "1997.??.??"]
[EventType "team-tourn"]
[EventRounds "13"]
[EventCountry "HUN"]
[SourceTitle "EXT 2001"]
[Source "ChessBase"]
[SourceDate "2000.11.22"]
[SourceVersion "1"]
[SourceVersionDate "2000.11.22"]
[SourceQuality "1"]

1. e4 c5 2. Nf3 d6 3. d4 cxd4 4. Nxd4 Nf6 5. Nc3 a6 6. f4 Qc7 7. Qf3 g6 8. Be3 Bg7 9. h3 Nbd7 10. Bd3 Nc5 11. 0-0 e6 12. g4 b5 13. Rad1 Nxd3 14. cxd3 Bb7 15. Rc1 Qd7 16. f5 gxf5 17. gxf5 e5 18. Nb3 Rc8 19. Kh2 b4 20. Ne2 Rxc1 21. Rxc1 0-0 22. Rg1 Kh8 23. Qg3 Rg8 24. Qh4 Ne8 25. Bh6 Bxh6 26. Rxg8+ Kxg8 27. Qxh6 Qe7 28. Ng3 Nf6 29. Na5 Ba8 30. Nc4 d5 31. Nb6 Bb7 32. Nxd5 Bxd5 33. exd5 Nxd5 34. Qxa6 Qc5 35. Ne4 Qc2+ 36. Kg3 Nf4 37. Qa8+ Kg7 38. f6+ Kh6 39. Qf8+ Kh5 40. Qxf7+ 1-0

[Event "HUN-chT2 9495"]
[Site "Hungary"]
[Date "1995.??.??"]
[Round "?"]
[White "Juhasz, Bela"]
[Black "Katona, Marton"]
[Result "1-0"]
[WhiteElo "2205"]
[BlackElo "2200"]
[PlyCount "77"]
[EventDate "1994.??.??"]
[EventType "team-tourn"]
[EventRounds "13"]
[EventCountry "HUN"]
[SourceTitle "EXT 1999"]
[Source "ChessBase"]
[SourceDate "1998.11.16"]
[SourceVersion "1"]
[SourceVersionDate "1998.11.16"]
[SourceQuality "1"]

1. Nf3 Nf6 2. d4 d5 3. c4 c6 4. Nc3 e6 5. e3 Nbd7 6. Qc2 Bd6 7. Be2 0-0 8. b3 Re8 9. 0-0 Qe7 10. Re1 b6 11. e4 dxe4 12. Nxe4 Nxe4 13. Qxe4 Bb7 14. Bd3 f5 15. Qe2 c5 16. Bb2 cxd4 17. Nxd4 Qh4 18. g3 Qh3 19. Qf1 Qxf1+ 20. Bxf1 Ne5 21. Rad1 Rad8 22. Bg2 Bxg2 23. Kxg2 Bb8 24. Nxe6 Rxd1 25. Rxd1 Kf7 26. Nd8+ Kg6 27. Bxe5 Bxe5 28. Nc6 Bf6 29. Nxa7 Re2 30. a4 Be7 31. Rd3 Bc5 32. Rf3 Kf6 33. h4 g6 34. Nb5 Ke5 35. Nc3 Rc2 36. Nd5 h6 37. Nf4 g5 38. hxg5 hxg5 39. Nd3+ 1-0

[Event "HUN-chT2 9495"]
[Site "Hungary"]
[Date "1995.??.??"]
[Round "?"]
[White "Katona, Marton"]
[Black "Kovacs, Elod"]
[Result "1/2-1/2"]
[WhiteElo "2200"]
[BlackElo "2245"]
[PlyCount "27"]
[EventDate "1994.??.??"]
[EventType "team-tourn"]
[EventRounds "13"]
[EventCountry "HUN"]
[SourceTitle "EXT 1999"]
[Source "ChessBase"]
[SourceDate "1998.11.16"]
[SourceVersion "1"]
[SourceVersionDate "1998.11.16"]
[SourceQuality "1"]

1. e4 c5 2. Nf3 d6 3. d4 cxd4 4. Nxd4 Nf6 5. Nc3 a6 6. h3 e6 7. g4 h6 8. Bg2 Qc7 9. Be3 Nbd7 10. Qe2 Ne5 11. 0-0-0 Bd7 12. f4 Nc4 13. Bf2 Rc8 14. Rd3 1/2-1/2

[Event "HUN-chT2 9495"]
[Site "Hungary"]
[Date "1995.??.??"]
[Round "?"]
[White "Katona, Marton"]
[Black "Tengely, Szabolcs"]
[Result "1/2-1/2"]
[WhiteElo "2200"]
[BlackElo "2165"]
[PlyCount "47"]
[EventDate "1994.??.??"]
[EventType "team-tourn"]
[EventRounds "13"]
[EventCountry "HUN"]
[SourceTitle "EXT 1999"]
[Source "ChessBase"]
[SourceDate "1998.11.16"]
[SourceVersion "1"]
[SourceVersionDate "1998.11.16"]
[SourceQuality "1"]

1. e4 c5 2. Nf3 d6 3. d4 cxd4 4. Nxd4 Nf6 5. Nc3 a6 6. Be2 e6 7. Be3 Be7 8. g4 Nc6 9. g5 Nd7 10. h4 Qc7 11. Qd2 b5 12. 0-0-0 Nc5 13. Bxb5 Bd7 14. Bxc6 Bxc6 15. Nxc6 Qxc6 16. Bxc5 dxc5 17. Rh3 c4 18. Qd4 0-0 19. Qd7 Qc5 20. Na4 Qb4 21. a3 Qa5 22. Qxe7 Qxa4 23. Rd7 Rab8 24. Rb7 1/2-1/2

[Event "HUN-chT2 9495"]
[Site "Hungary"]
[Date "1995.??.??"]
[Round "?"]
[White "Pasztor, Ferenc"]
[Black "Katona, Marton"]
[Result "1/2-1/2"]
[WhiteElo "2265"]
[BlackElo "2200"]
[PlyCount "42"]
[EventDate "1994.??.??"]
[EventType "team-tourn"]
[EventRounds "13"]
[EventCountry "HUN"]
[SourceTitle "EXT 1999"]
[Source "ChessBase"]
[SourceDate "1998.11.16"]
[SourceVersion "1"]
[SourceVersionDate "1998.11.16"]
[SourceQuality "1"]

1. d4 Nf6 2. Nf3 g6 3. c4 Bg7 4. Nc3 0-0 5. e4 d6 6. Be2 Bg4 7. Be3 Nfd7 8. Qd2 Nc6 9. Rd1 e5 10. d5 Bxf3 11. Bxf3 Nd4 12. Bxd4 exd4 13. Ne2 d3 14. Qxd3 Bxb2 15. Qb3 Bg7 16. Qxb7 Nc5 17. Qb5 Rb8 18. Qa5 Re8 19. 0-0 Nxe4 20. Nd4 Bxd4 21. Rxd4 Nc5 1/2-1/2

[Event "Nyiregyhaza op"]
[Site "Nyiregyhaza"]
[Date "1994.??.??"]
[Round "7"]
[White "Emodi, Barnabas"]
[Black "Katona, Marton"]
[Result "1/2-1/2"]
[WhiteElo "2280"]
[BlackElo "2200"]
[PlyCount "68"]
[EventDate "1994.07.??"]
[EventType "swiss"]
[EventRounds "9"]
[EventCountry "HUN"]
[SourceTitle "EXT 1998"]
[Source "ChessBase"]
[SourceDate "1997.11.17"]
[SourceVersion "1"]
[SourceVersionDate "1997.11.17"]
[SourceQuality "1"]

1. d4 d5 2. Nf3 Nf6 3. c4 c6 4. Nc3 e6 5. cxd5 exd5 6. Bg5 Be7 7. e3 Nbd7 8. Qc2 Nf8 9. Bd3 Ng6 10. Rb1 0-0 11. b4 a6 12. a4 Re8 13. 0-0 Ne4 14. Bxe7 Qxe7 15. b5 axb5 16. axb5 Ra3 17. Ne2 Bg4 18. Ne1 Bxe2 19. Bxe2 Nc3 20. Rb2 Nxe2+ 21. Qxe2 c5 22. dxc5 Qxc5 23. Nf3 Nf4 24. Qc2 Qxc2 25. Rxc2 Ne6 26. Rb1 Rd8 27. h3 Rd3 28. Rb4 Rd1+ 29. Kh2 Kf8 30. Nd4 Nxd4 31. Rxd4 Rxd4 32. exd4 Ke7 33. Rc7+ Rd7 34. Rc8 Rd8 1/2-1/2

[Event "Nyiregyhaza op"]
[Site "Nyiregyhaza"]
[Date "1994.??.??"]
[Round "8"]
[White "Katona, Marton"]
[Black "Forgacs, Jozsef"]
[Result "1/2-1/2"]
[WhiteElo "2200"]
[BlackElo "2305"]
[PlyCount "61"]
[EventDate "1994.07.??"]
[EventType "swiss"]
[EventRounds "9"]
[EventCountry "HUN"]
[SourceTitle "EXT 1998"]
[Source "ChessBase"]
[SourceDate "1997.11.17"]
[SourceVersion "1"]
[SourceVersionDate "1997.11.17"]
[SourceQuality "1"]

1. e4 e6 2. d4 d5 3. Nc3 Bb4 4. e5 Ne7 5. h4 c5 6. a3 Bxc3+ 7. bxc3 Qa5 8. Bd2 Nbc6 9. h5 h6 10. Nf3 Bd7 11. Rb1 Qc7 12. Bb5 0-0-0 13. 0-0 g6 14. Re1 gxh5 15. dxc5 Rdg8 16. Bxc6 Nxc6 17. Nd4 Nxd4 18. cxd4 Rg4 19. f3 Rxd4 20. Qe2 Rc4 21. Rb4 Rxc5 22. Reb1 b6 23. Be3 Rc4 24. Rxc4 Qxc4 25. Qxc4+ dxc4 26. Rb4 b5 27. Bxa7 Kb7 28. Bc5 Re8 29. Rb1 Bc6 30. Kf2 Bd5 31. Rh1 1/2-1/2

[Event "Debrecen Egyetemi-ch"]
[Site "Debrecen"]
[Date "1994.??.??"]
[Round "4"]
[White "Katona, Marton"]
[Black "Kanyadi, Zoltan"]
[Result "1-0"]
[WhiteElo "2190"]
[BlackElo "2150"]
[PlyCount "55"]
[EventDate "1994.??.??"]
[EventType "swiss"]
[EventRounds "7"]
[EventCountry "HUN"]
[SourceTitle "EXT 2004"]
[Source "ChessBase"]
[SourceDate "2003.11.25"]
[SourceVersion "1"]
[SourceVersionDate "2003.11.25"]
[SourceQuality "1"]

1. e4 c5 2. Nf3 d6 3. d4 cxd4 4. Nxd4 Nf6 5. Nc3 a6 6. Bg5 e6 7. f4 Qb6 8. Qd2 Qxb2 9. Rb1 Qa3 10. Be2 Nc6 11. Nxc6 bxc6 12. Bxf6 gxf6 13. f5 e5 14. 0-0 h5 15. Rfd1 h4 16. h3 Qa5 17. Kh1 Be7 18. Rb3 Qc7 19. Rdb1 a5 20. Na4 Bd8 21. Nb6 Rb8 22. Nd5 cxd5 23. Rxb8 dxe4 24. Qd5 Qxc2 25. Bc4 0-0 26. Re1 Qc3 27. Rxe4 Bxf5 28. Rxd8 1-0

[Event "Debrecen-C"]
[Site "Debrecen"]
[Date "1993.??.??"]
[Round "8"]
[White "Emodi, Barnabas"]
[Black "Katona, Marton"]
[Result "0-1"]
[WhiteElo "2230"]
[BlackElo "2255"]
[PlyCount "146"]
[EventDate "1993.??.??"]
[EventType "tourn"]
[EventRounds "9"]
[EventCountry "HUN"]
[SourceTitle "EXT 2000"]
[Source "ChessBase"]
[SourceDate "1999.11.16"]
[SourceVersion "1"]
[SourceVersionDate "1999.11.16"]
[SourceQuality "1"]

1. d4 Nf6 2. c4 g6 3. Nc3 Bg7 4. e4 d6 5. f3 0-0 6. Be3 c5 7. dxc5 dxc5 8. Qxd8 Rxd8 9. Bxc5 Nc6 10. Be3 Be6 11. Rc1 Nd7 12. b3 Nde5 13. Nd5 Bxd5 14. exd5 Nb4 15. Rd1 Nxa2 16. Nh3 b5 17. Rd2 Nc1 18. Rd1 Nxb3 19. cxb5 Rdc8 20. Rb1 Na5 21. Kf2 Rc2+ 22. Kg3 Nac4 23. Bxc4 Nxc4 24. Bf4 h6 25. Rhc1 Rxc1 26. Rxc1 Na3 27. Re1 Bf8 28. Be3 Nxb5 29. Bc5 Nd6 30. Ra1 a5 31. Ra4 Nb7 32. Bb6 Bg7 33. Nf2 Be5+ 34. f4 Bb8 35. Kf3 Ra6 36. Be3 Rd6 37. Rc4 Ba7 38. Rc2 Bxe3 39. Kxe3 Ra6 40. Ne4 Kg7 41. Rc6 Nd6 42. Nc5 Rb6 43. Rxb6 Nc4+ 44. Kd4 Nxb6 45. Ne4 a4 46. Nc3 a3 47. Na2 Kf6 48. g4 h5 49. h3 hxg4 50. hxg4 g5 51. f5 Nd7 52. Nc3 Ne5 53. Ne4+ Kg7 54. Kc3 Nxg4 55. Nxg5 Ne3 56. Ne4 Nxf5 57. Kb3 Nd6 58. Nc3 Kf6 59. Kxa3 Ke5 60. Kb3 Kd4 61. Kc2 Ne4 62. Ne2+ Kxd5 63. Kd3 e5 64. Ke3 f5 65. Kf3 Ng5+ 66. Kg3 Ne6 67. Kf2 e4 68. Ke3 Ke5 69. Nc3 f4+ 70. Ke2 Nd4+ 71. Kf1 e3 72. Ke1 f3 73. Kf1 Nc2 0-1

[Event "Debrecen-C"]
[Site "Debrecen"]
[Date "1993.??.??"]
[Round "5"]
[White "Menyhart, Tibor"]
[Black "Katona, Marton"]
[Result "1/2-1/2"]
[WhiteElo "2205"]
[BlackElo "2255"]
[PlyCount "117"]
[EventDate "1993.??.??"]
[EventType "tourn"]
[EventRounds "9"]
[EventCountry "HUN"]
[SourceTitle "EXT 2000"]
[Source "ChessBase"]
[SourceDate "1999.11.16"]
[SourceVersion "1"]
[SourceVersionDate "1999.11.16"]
[SourceQuality "1"]

1. d4 Nf6 2. c4 g6 3. Nc3 Bg7 4. e4 d6 5. f4 c5 6. d5 0-0 7. Nf3 e6 8. Be2 exd5 9. cxd5 Re8 10. e5 dxe5 11. fxe5 Ng4 12. Bg5 f6 13. exf6 Bxf6 14. Qd2 Bxg5 15. Qxg5 Ne3 16. Qxd8 Rxd8 17. Kf2 Ng4+ 18. Kg3 Nh6 19. Nb5 Na6 20. Rad1 Nf5+ 21. Kf2 Bd7 22. Rhe1 Bxb5 23. Bxb5 Nb4 24. Ba4 Nd6 25. a3 Na6 26. Ne5 b5 27. Bc2 Re8 28. b3 Re7 29. Nc6 Rf7+ 30. Kg3 Nc7 31. h4 a6 32. Re5 Re8 33. Rde1 Rxe5 34. Rxe5 Kf8 35. h5 gxh5 36. Rxh5 Kg8 37. Rh6 Nce8 38. Re6 Rf6 39. Re5 h6 40. Nb8 Nc7 41. Nd7 Rf1 42. Nxc5 Rc1 43. Re2 Nxd5 44. b4 Nc4 45. Bf5 Kg7 46. Re6 Rc3+ 47. Kh2 Rxa3 48. Nxa6 Nf4 49. Rc6 Ne3 50. g4 Ra2+ 51. Kg3 Ne2+ 52. Kh3 Nf1 53. Bc2 Nd4 54. Rg6+ Kf7 55. Rxh6 Rxc2 56. g5 Kg7 57. Nc5 Rh2+ 58. Kg4 Ne3+ 59. Kf4 1/2-1/2